The next chapter ; the war against the moon /

Bibliographic Details
Main Author: Maurois, André, 1885-1967
Format: Book
Language:English
Published: London : New York : K. Paul, Trench, Trubner ; E.P. Dutton, [1927]
Series:To-day and to-morrow.
Subjects:

MARC

Tag First Indicator Second Indicator Subfields
LEADER 00000cam a2200000 4500
001 in00000049703
005 20151007073721.0
008 790824s1927 enk 00011 eng
010 |a  28010882  
035 |a (OCoLC)05306974 
035 |9 AAF0244AM 
040 |a DLC  |c CLE  |d TXA  |d UtOrBLW 
049 |a TXAS  |c [1102986] 
050 0 0 |a PZ3.M4474  |b Ne 
092 |a 847  |b 614 
092 |a 847.9  |b M447n 
100 1 |a Maurois, André,  |d 1885-1967. 
245 1 4 |a The next chapter ;  |b the war against the moon /  |c by Andre Maurois. 
264 1 |a London :  |b K. Paul, Trench, Trubner ;  |a New York :  |b E.P. Dutton,  |c [1927] 
264 4 |c [©1927] 
300 |a 74 pages ;  |c 17 cm. 
336 |a text  |b txt  |2 rdacontent 
337 |a unmediated  |b n  |2 rdamedia 
338 |a volume  |b nc  |2 rdacarrier 
490 1 |a To-day and to-morrow 
650 0 |a Imaginary wars and battles. 
740 4 |a The war against the moon. 
830 0 |a To-day and to-morrow. 
999 |a MARS 
999 f f |s 5d2b70f9-de88-3622-b8e0-ae03239ef326  |i 89cb703d-83a1-3ecb-8051-950fd3bc39d0  |t 0 
952 f f |p noncirc  |a Texas A&M University  |b College Station  |c Cushing Memorial Library & Archives  |d Cushing: Science Fiction (Does not check out)  |t 0  |e PZ3.M4474 Ne  |h Library of Congress classification  |i unmediated -- volume  |m A14800421059 
998 f f |a PZ3.M4474 Ne  |t 0  |l Cushing: Science Fiction (Does not check out)